[Event "AUTO-MASTER-3277"]
[Site "http://www.queenalice.com/game.php?id=1867052"]
[Date "2025.12.14"]
[Round "2"]
[White "attachui"]
[Black "chessman"]
[Result "1-0"]
[WhiteElo "2129"]
[BlackElo "2023"]

1. d4 d5 2. c4 c6 3. Nf3 Nf6 4. Nc3 e6 5. Bg5 Be7 6. e3 O-O 7. Be2 Re8 8. O-O
Nbd7 9. c5 Ne4 10. Nxe4 dxe4 11. Bxe7 Qxe7 12. Nd2 f5 13. Nc4 Nf6 14. Nd6 Rd8
15. Qb3 Rxd6 16. cxd6 Qxd6 17. f3 Qd5 18. Bc4 Qd6 19. Rad1 b5 20. Be2 a5 21. a4
b4 22. fxe4 Nxe4 23. Rxf5 Bd7 24. Re5 Nf6 25. Bc4 Re8 26. h3 Nd5 27. Qd3 Rf8 28.
Rf1 Re8 29. e4 Nc7 30. Rh5 g6 31. Rxh7 Kxh7 32. Rf7+ Kg8 33. e5 Kxf7 34. exd6
Nd5 35. Qf3+ Kg7 36. Qg3 Rf8 37. Qe5+ Kh7 38. Bd3 Rf7 39. Qh5+ 1-0

[Event "AUTO-OPEN-4587"]
[Site "http://www.queenalice.com/game.php?id=1867642"]
[Date "2026.1.7"]
[Round "2"]
[White "attachui"]
[Black "Pin"]
[Result "1-0"]
[WhiteElo "2181"]
[BlackElo "2020"]

1. d4 Nf6 2. c4 g6 3. Nc3 d5 4. cxd5 Nxd5 5. e4 Nxc3 6. bxc3 Bg7 7. Bb2 O-O 8.
Bc4 c5 9. Ne2 cxd4 10. cxd4 Qa5+ 11. Bc3 Qc7 12. Bb3 Bg4 13. f3 Bd7 14. Rc1 Qd8
15. O-O Nc6 16. d5 Ne5 17. f4 Ng4 18. Rf3 Nh6 19. Ng3 Bg4 20. Bxg7 Bxf3 21. Qd4
1-0

[Event "AUTO-OPEN-4587"]
[Site "http://www.queenalice.com/game.php?id=1867643"]
[Date "2026.1.7"]
[Round "2"]
[White "Pin"]
[Black "attachui"]
[Result "0-1"]
[WhiteElo "2019"]
[BlackElo "2198"]

1. d4 Nf6 2. c4 g6 3. Nf3 Bg7 4. Nc3 O-O 5. g3 d6 6. Bg2 c5 7. e3 cxd4 8. Nxd4
Nbd7 9. O-O Ne5 10. b3 Bg4 11. Qc2 Rb8 12. Bb2 Qd7 13. h3 Bxh3 14. Nce2 Nh5 15.
Nf4 Nxf4 16. exf4 Bxg2 17. Kxg2 Ng4 18. Rad1 e5 19. fxe5 dxe5 20. Nb5 Qc6+ 21.
Kg1 a6 22. Nd6 Rfd8 23. c5 b6 24. b4 Bf8 25. Nxf7 Kxf7 26. Qc4+ Qe6 27. Qxe6+
Kxe6 28. c6 Rxd1 29. Rxd1 Bxb4 30. Rd7 Rc8 31. Rxh7 Rxc6 32. Rg7 Kf6 33. Rd7 Rc2
34. a3 Bc5 0-1

[Event "AUTO-OPEN-4587"]
[Site "http://www.queenalice.com/game.php?id=1867644"]
[Date "2026.1.7"]
[Round "2"]
[White "attachui"]
[Black "pizzaiolo72"]
[Result "1-0"]
[WhiteElo "2167"]
[BlackElo "2143"]

1. d4 d5 2. c4 e5 3. dxe5 d4 4. Nf3 Nc6 5. Bf4 Bb4+ 6. Bd2 Qe7 7. Bxb4 Qxb4+ 8.
Qd2 Bg4 9. Na3 O-O-O 10. Qxb4 Nxb4 11. O-O-O Bxf3 12. gxf3 Nxa2+ 13. Kb1 Nb4 14.
Nb5 Nc6 15. e3 dxe3 16. Nxa7+ Nxa7 17. Bh3+ 1-0

[Event "AUTO-OPEN-4587"]
[Site "http://www.queenalice.com/game.php?id=1867645"]
[Date "2026.1.7"]
[Round "2"]
[White "pizzaiolo72"]
[Black "attachui"]
[Result "0-1"]
[WhiteElo "2121"]
[BlackElo "2239"]

1. e4 c5 2. Nf3 d6 3. d4 cxd4 4. Nxd4 Nf6 5. Nc3 a6 6. Bd3 e5 7. Nb3 b5 8. Bg5
Be7 9. h4 h6 10. Be3 Ng4 11. Qe2 Bxh4 12. O-O-O Nxe3 13. fxe3 Qg5 14. Nd5 O-O
15. c4 Bg4 16. Qf1 Bxd1 17. Kxd1 bxc4 18. Bxc4 Nd7 19. Qf5 Nc5 20. Nxc5 dxc5 21.
Qxg5 Bxg5 22. Ke2 Rab8 23. b3 a5 24. a4 Kh7 25. g4 Rb7 26. Nc3 Rb6 27. Nd5 Rb7
28. Kf3 Rfb8 29. Rb1 Kg6 30. Nc3 h5 31. gxh5+ Kxh5 32. Rh1+ Kg6 33. Nb5 Rd7 34.
Bd5 f5 35. exf5+ Kxf5 36. e4+ Kf6 37. Kg4 Bf4 38. Rh7 Bh6 39. Kh5 Ke7 40. Kg6
Rf8 41. Na3 Rxd5 42. exd5 Kd6 43. Nc4+ Kxd5 44. Nxa5 e4 45. Nc4 Kd4 0-1

[Event "AUTO-OPEN-4587"]
[Site "http://www.queenalice.com/game.php?id=1867646"]
[Date "2026.1.7"]
[Round "2"]
[White "attachui"]
[Black "Capixaba789"]
[Result "1-0"]
[WhiteElo "2163"]
[BlackElo "1945"]

1. d4 d5 2. c4 dxc4 3. e4 e6 4. Bxc4 Nf6 5. Nc3 Be7 6. Bf4 c6 7. Nf3 O-O 8. Qc2
Nbd7 9. Rd1 Nb6 10. Bb3 Bd7 11. O-O a5 12. a4 Qc8 13. e5 Nfd5 14. Bg3 f5 15.
exf6 Bxf6 16. Bd6 Re8 17. Ne4 Be7 18. Bxe7 Rxe7 19. Ba2 Nb4 20. Qc5 N6d5 21. Bb1
Re8 22. Nd6 Qc7 23. Nxe8 Rxe8 24. Ne5 Bc8 25. Rfe1 b6 26. Qc1 Nf6 27. Re3 Nfd5
28. Rh3 Nf6 29. Qg5 1-0

[Event "AUTO-OPEN-4587"]
[Site "http://www.queenalice.com/game.php?id=1867647"]
[Date "2026.1.7"]
[Round "2"]
[White "Capixaba789"]
[Black "attachui"]
[Result "0-1"]
[WhiteElo "1990"]
[BlackElo "2156"]

1. d4 Nf6 2. c4 g6 3. Nc3 Bg7 4. f4 O-O 5. Nf3 d6 6. e3 c5 7. d5 a6 8. Bd3 e5 9.
fxe5 dxe5 10. Nxe5 Nxd5 11. cxd5 Bxe5 12. Qf3 f5 13. Bd2 b5 14. O-O Bb7 15. Qd1
b4 16. Ne2 Qxd5 17. e4 Qxd3 18. Nf4 Qxe4 19. Qf3 Qd4+ 20. Qf2 Qxb2 21. Kh1 Bxf4
22. Bxf4 Qxf2 23. Rxf2 Be4 0-1

[Event "AUTO-OPEN-4607"]
[Site "http://www.queenalice.com/game.php?id=1867830"]
[Date "2026.1.10"]
[Round "2"]
[White "CCapivara"]
[Black "attachui"]
[Result "0-1"]
[WhiteElo "2292"]
[BlackElo "2225"]

1. e4 c5 2. Nf3 d6 3. d4 cxd4 4. Nxd4 Nf6 5. Nc3 a6 6. Bg5 e6 7. f4 Qb6 8. Nb3
Be7 9. Qf3 h6 10. Bxf6 Bxf6 11. O-O-O O-O 12. g4 Nd7 13. h4 g6 14. g5 Bg7 15. h5
hxg5 16. hxg6 fxg6 17. f5 gxf5 18. exf5 Rxf5 19. Qh5 Nf6 20. Qh2 Rf4 21. Bd3 Rh4
22. Qg2 Qe3+ 23. Kb1 Rxh1 24. Qxh1 g4 25. Rf1 Qh3 26. Qg1 Bd7 27. Nd4 Re8 28.
Nde2 e5 29. Ng3 d5 30. Bf5 Bc6 31. Rf2 Nh5 32. Nxh5 Qxh5 33. Bxg4 Qh6 34. a3 d4
35. Ne2 Qh1 36. Kc1 Bh6+ 37. Kd1 Qxg1+ 38. Nxg1 Be3 39. Rf1 Bg2 40. Re1 Rf8 41.
Ne2 Bf2 42. Kd2 Bxe1+ 43. Kxe1 Rf1+ 44. Kd2 Bf3 0-1

[Event "AUTO-OPEN-4607"]
[Site "http://www.queenalice.com/game.php?id=1867831"]
[Date "2026.1.10"]
[Round "2"]
[White "attachui"]
[Black "CCapivara"]
[Result "1-0"]
[WhiteElo "2183"]
[BlackElo "2288"]

1. d4 d6 2. c4 Nf6 3. Nc3 c6 4. Nf3 Bg4 5. h3 Bxf3 6. exf3 Nbd7 7. Bf4 e5 8.
dxe5 dxe5 9. Bh2 Bb4 10. Qc2 Qa5 11. Be2 Bxc3+ 12. Qxc3 Qxc3+ 13. bxc3 O-O-O 14.
O-O Rhe8 15. Rfe1 Ng8 16. Bd3 g6 17. f4 exf4 18. Bxf4 f5 19. Be3 Kb8 20. Rab1 c5
21. Be2 Ngf6 22. Bf3 b6 23. Red1 Ne5 24. Rxd8+ Rxd8 25. Bf4 Re8 26. Re1 Nd7 27.
Bc6 Kc7 28. Bxd7 Kxd7 29. Rxe5 Rg8 30. Bg5 Rg7 31. Bh6 Rf7 32. f4 Kd6 33. Kf2
Kc6 34. Bg5 Kd7 35. Rd5+ Kc7 36. a4 Rg7 37. g4 fxg4 38. hxg4 Rf7 39. Kg3 Rg7 40.
Bf6 Rf7 41. Be5+ Kc6 42. Kh4 Re7 43. Kg5 Rf7 44. Rd6+ Kb7 45. Bf6 Kc7 46. Be5
Kb7 47. Kh6 Kc8 48. Rf6 Rd7 49. Rf8+ Kb7 50. Rh8 Ka6 51. Rxh7 Rd3 52. Kxg6 1-0

[Event "AUTO-OPEN-4607"]
[Site "http://www.queenalice.com/game.php?id=1867838"]
[Date "2026.1.10"]
[Round "2"]
[White "attachui"]
[Black "josebaron"]
[Result "1-0"]
[WhiteElo "2138"]
[BlackElo "2196"]

1. d4 d5 2. c4 dxc4 3. e4 e5 4. d5 Nf6 5. f3 Bb4+ 6. Bd2 Bxd2+ 7. Nxd2 O-O 8.
Bxc4 c6 9. Nb3 cxd5 10. exd5 Nbd7 11. Qe2 a6 12. O-O-O Nb6 13. d6 Nxc4 14. Qxc4
Be6 15. Qb4 Bxb3 16. Qxb3 e4 17. Ne2 exf3 18. Qxf3 Qd7 19. Kb1 Rac8 20. Ng3 Rc6
21. Nf5 Kh8 22. Rhe1 Re8 23. Re7 Rxe7 24. dxe7 1-0

[Event "AUTO-OPEN-4607"]
[Site "http://www.queenalice.com/game.php?id=1867839"]
[Date "2026.1.10"]
[Round "2"]
[White "josebaron"]
[Black "attachui"]
[Result "0-1"]
[WhiteElo "2147"]
[BlackElo "2142"]

1. e4 c5 2. Nf3 d6 3. Bb5+ Bd7 4. Bxd7+ Nxd7 5. O-O Ngf6 6. Nc3 g6 7. d4 cxd4 8.
Qxd4 Bg7 9. Be3 O-O 10. a4 Nc5 11. Qb4 a5 12. Qc4 Rc8 13. Bxc5 Rxc5 14. Qd3 Nd7
15. h3 Bxc3 16. bxc3 Qc7 17. Ra3 Rc8 18. Rb1 Rxc3 19. Rxc3 Qxc3 20. Qxc3 Rxc3
21. Rxb7 Nc5 22. Rxe7 Nxa4 23. Ra7 Rc5 24. Ra6 Nc3 25. Rxd6 Nxe4 26. Rd4 Nc3 27.
Nd2 Ne2+ 0-1